Giáo dục tiểu học đầu thế kỉ XXI

Định hướng lí thuyết về nền giáo dục tiểu học đầu thế kỉ 21. Vấn đề nghiệp vụ sư phạm và việc học trong giáo dục hiện đại. Công nghệ học cho môn tiếng Việt lớp 1. Tự học, tổ chức thực tiễn việc học và chuyện học thuật...

Täydet tiedot

Tallennettuna:
Bibliografiset tiedot
Päätekijä: Hồ Ngọc Đại
Aineistotyyppi: Kirja
Kieli:Vietnamese
Julkaistu: H. Đại học Sư phạm 2009
Aiheet:
Tagit: Lisää tagi
Ei tageja, Lisää ensimmäinen tagi!
Thư viện lưu trữ: Mạng thư viện Đại học Đà Nẵng
LEADER 01469aam a22003498a 4500
001 000019679
003 16118
005 20161109101111.0
008 140721s2009 viesd
020 |c 25000đ  |d 1000b 
041 0 |a vie 
082 1 4 |2 14  |a 372.6  |b HÔ-Đ 
100 1 |a Hồ Ngọc Đại 
245 1 0 |a Giáo dục tiểu học đầu thế kỉ XXI  |c Hồ Ngọc Đại 
260 |a H.  |b Đại học Sư phạm  |c 2009 
300 |a 173 tr.  |b bảng  |c 21 cm. 
520 |a Định hướng lí thuyết về nền giáo dục tiểu học đầu thế kỉ 21. Vấn đề nghiệp vụ sư phạm và việc học trong giáo dục hiện đại. Công nghệ học cho môn tiếng Việt lớp 1. Tự học, tổ chức thực tiễn việc học và chuyện học thuật 
650 0 4 |2 Bộ TK TVQG  |a Giáo dục tiểu học  |x Tiếng Việt  |y Đầu thế kỉ 21 
650 7 |2 Bộ TK TVQG 
650 7 |2 Bộ TK TVQG 
653 |a Giáo dục tiểu học 
653 |a Tiếng Việt 
OWN |a LSP 
AVA |a UDN50  |b LSP  |d 372.6 HÔ-Đ  |e available  |t Error 5001 Not defined in file expand_doc_bib_avail.  |f 10  |g 0  |h N  |i 5  |k 1 
999 |a From the UDN01 
AVA |a UDN50  |b LSP  |d 372.6 HÔ-Đ  |e available  |t Error 5001 Not defined in file expand_doc_bib_avail.  |f 10  |g 0  |h N  |i 5  |k 1 
TYP |a Monograph 
TYP |a Printed language 
980 |a Mạng thư viện Đại học Đà Nẵng